000 00229nam a2200097Ia 4500
008 170619s9999 xx 000 0 und d
100 _aNarang Rajesh
245 0 _aDatabase Management Systems
260 _bNew Delhi: PHI
260 _c2004
546 _aENGLISH
999 _c17722
_d17722